MARC

LEADER 00000nam0a2200000 4500
001 38075
005 20231101210455.0
035 |a (RuTPU)RU\TPU\book\38694 
090 |a 38075 
100 |a 20020218d1976 km y0rusy50 ca 
101 0 |a rus 
102 |a RU 
105 |a a z 001zy 
200 1 |a Полупроводниковые лазеры  |f О. В. Богданкевич, О. В. Дарзнек, П. Г. Елисеев 
210 |a Москва  |c Наука  |d 1976 
215 |a 415 с.  |c ил 
320 |a Библиогр.: с. 374-415. 
453 1 |0 (RuTPU)RU\TPU\retro\24135  |t Полупроводниковые лазеры  |l Les lasers a semiconducteurs  |f О. В. Богданкевич, О. В. Дарзнек, П. Г. Елисеев  |c Москва  |n Мир  |d 1979  |p 448 с.  |a Богданкевич, Олег Владимирович 
606 1 |a Лазеры полупроводниковые  |2 stltpush  |3 (RuTPU)RU\TPU\subj\39831  |9 59736 
610 1 |a генераторы квантовые 
610 1 |a полупроводниковые лазеры 
610 1 |a инжекционные лазеры 
610 1 |a поперечная накачка 
610 1 |a продольная накачка 
610 1 |a лазеры 
610 1 |a генерация 
610 1 |a тепловой режим 
675 |a 621.373.826.038.825  |v 3 
700 1 |a Богданкевич  |b О. В.  |g Олег Владимирович 
701 1 |a Дарзнек  |b О. В.  |g Олег Владимирович 
701 1 |a Елисеев  |b П. Г.  |g Петр Георгиевич 
801 1 |a RU  |b 63413507  |c 20020218  |g PSBO 
801 2 |a RU  |b 63413507  |c 20220218  |g PSBO 
942 |c BK